| 000 | 00595nam a22001217a 4500 | ||
|---|---|---|---|
| 040 | _cRUA | ||
| 100 | _aTON VANNAK ,តុន វណ្ណៈ | ||
| 245 | _aEffect of Cuuting Age of Fforages on Gas Production By Using In Vitro Techinique,ឥទ្ទិពលនៃដំណាំចំណីសត្វទៅផលិតផលឧស្ម័នដោយប្រើវិធីសាស្រ្តIn-vitor | ||
| 260 |
_aphnom penh _bRUA _c2017 |
||
| 300 |
_ax,41p, _bill, _c29cm, |
||
| 856 | _uhttps://drive.google.com/file/d/1gR9fveeAB72im1g5E4Tjbvh68UR0-3G3/view?usp=sharing | ||
| 942 | _cANS | ||
| 999 |
_c19689 _d19689 |
||